000 00625nam a2200229Ia 4500
003 OSt
005 20220924152419.0
006 a|||||r|||| 00| 0
007 ta
008 220923b |||||||| |||| 00| 0 ara d
024 _a342423
037 _cTextual
040 _aARTS
_cARTS
_bara
041 _2ara
_aara
082 _aP28, E0
100 _aAbdullah Imam Abu Mohammad Au.
_9226620
245 0 _aBibliotheca indica
_b collection of oriental works
260 _c1910
650 _aARABIC LANGUAGE
_931794
942 _hP28, E0
_cTEXL
_2CC
999 _c469758
_d469758